Etruschi e romani ad Acquaviva di Montepulciano
Furkejuvvon:
| Váldodahkki: | |
|---|---|
| Materiálatiipa: | Girji |
| Giella: | itáliagiella |
| Almmustuhtton: |
s.l
Soprintendenza Archeologica per la Toscana
1997
|
| Preanttus: | 1a. ed |
| Fáttát: | |
| Fáddágilkorat: |
Lasit fáddágilkoriid
Eai fáddágilkorat, Lasit vuosttaš fáddágilkora!
|
MARC
| LEADER | 00000cam a2200000 a 4500 | ||
|---|---|---|---|
| 001 | UCD8782 | ||
| 003 | CL-VaPUC | ||
| 008 | 170527e19970000it |||||||||||||||||ita|d | ||
| 082 | 0 | 4 | |a 937.01 |b MIN |2 21 |
| 100 | |a Minetti, Alessandra |e autora |9 592285 | ||
| 245 | 1 | 0 | |a Etruschi e romani ad Acquaviva di Montepulciano |
| 250 | |a 1a. ed | ||
| 300 | |a 182 p | ||
| 942 | |c BK | ||
| 945 | |d 20170527 00:32:00 |a dcastane | ||
| 260 | |a s.l |b Soprintendenza Archeologica per la Toscana |c 1997 | ||
| 650 | 0 | |a Etruscos |9 267523 | |
| 650 | 0 | |a Civilizaciones antiguas |9 265998 | |
| 650 | 0 | |a Arte antiguo |9 330766 | |
| 650 | 0 | |a Estilos artísticos |9 340996 | |
| 583 | |a last modification |c 20170527 00:32:00 |k Rodrigo Vera | ||
| 999 | |c 368091 |d 368089 | ||
| 952 | |0 0 |1 0 |3 erb |4 0 |6 937_010000000000000_MIN_1997 |7 0 |8 A |9 483350 |a FDOLAF |b FDOLAF |e Laffi, Umberto, 1939- |i 5391989 |o 937.01 MIN 1997 |p 5391989 |r 2024-01-30 |w 2019-11-24 |y BK |z Catalogado en:20170527 |k LAF | ||